Escola Superior de Paisatge. Olot : Primera exposició, Barcelona, març del 1936 : Judicis crítics de la premsa Primera exposició, Barcelona, març del 1936 :
Descripción Física:
24 p. : il., 2 làm. ; 22 cm
Materias:
Escola Superior de Paisatge (Olot)
MARC
| LEADER | 00000nam a2200000Ia 4500 | ||
|---|---|---|---|
| 001 | 9291 | ||
| 003 | BGR | ||
| 005 | 20260410113645.0 | ||
| 008 | 160829s9999 xx 000 0 cat d | ||
| 080 | |a RF-6-73 | ||
| 110 | 1 | |a Escola Superior de Paisatge (Olot) |9 70809 | |
| 245 | |a Escola Superior de Paisatge. Olot : |b Primera exposició, Barcelona, març del 1936 : |b Judicis crítics de la premsa | ||
| 260 | |a Olot : |b Imp. Aubert, [1936] | ||
| 300 | |a 24 p. : |b il., 2 làm. ; |c 22 cm | ||
| 610 | 1 | 0 | |a Escola Superior de Paisatge (Olot) |9 70809 |
| 856 | 4 | |u https://media.diba.cat/diba/fitxers/arxiu/fulletons/bib_9291_1936_baixa.pdf |y Accés lliure | |
| 856 | 4 | |u https://media.diba.cat/diba/fitxers/arxiu/fulletons/bib_9291_1936_baixa.pdf |y Accés lliure | |
| 900 | |a bib_9291_1936_baixa.pdf | ||
| 901 | |a Arxiu | ||
| 942 | |n 1 |2 udc |c MON | ||
| 952 | |0 0 |1 0 |4 0 |6 RF673 |7 1 |9 45012 |a Arxiu |b Arxiu |d 2016-12-01 |l 0 |o RF-6-73 |p 9291 |r 2016-12-01 00:00:00 |w 2016-12-01 |y ARXIU | ||
| 999 | |c 47616 |d 47616 | ||